000 00409nam a2200169Ia 4500
008 230524s9999 xx 000 0 und d
082 _a571.6
_bROY
100 _aSatyesh Chandra Roy
_923879
245 0 _aCell Biology
250 _a2ND
260 _aCALCUTTA
_bNCB
_c2005
300 _aXIV;620
500 _aQuantity Number: 1
650 _aBiomedical
700 _a Kalyan Kumar De
_923880
942 _cBK
999 _c35344
_d35344